000 00379pab a2200157 454500
008 180718b2005 xxu||||| |||| 00| 0 eng d
100 _aBarik, B.C.
245 _aDams and displacement; who fills the belllies of oustees
260 _c2005
300 _ap.93-102.
362 _aMar
650 _aRefugees
650 _aDams
773 _aMan and Development
909 _a65135
999 _c65135
_d65135